Central Library OPAC University of Rajshahi

The calculation of atomic structures / (Record no. 9194)

MARC details
000 -LEADER
fixed length control field 00783cam a22002651 4500
001 - CONTROL NUMBER
control field 9194
003 - CONTROL NUMBER IDENTIFIER
rucl marc code BD-RjUL
005 - DATE AND TIME OF LATEST TRANSACTION
control field 20211208234732.0
008 - FIXED-LENGTH DATA ELEMENTS--GENERAL INFORMATION
fixed length control field 140120s1957 nyua 001 0 eng
035 ## - SYSTEM CONTROL NUMBER
System control number (BD-RjUL)9239
040 ## - CATALOGING SOURCE
Original cataloging agency DLC/ICU
Transcribing agency ICU
Modifying agency BD-RjUL
Language of cataloging eng
041 ## - LANGUAGE CODE
Language code of text/sound track or separate title eng
082 00 - DEWEY DECIMAL CLASSIFICATION NUMBER
Classification number 530.1
Author mark and year HAC 1957
100 1# - MAIN ENTRY--PERSONAL NAME
Personal name Hartree, Douglas R.
Fuller form of name (Douglas Rayner),
Dates associated with a name 1897-1958.
9 (RLIN) 26257
245 14 - TITLE STATEMENT
Title The calculation of atomic structures /
Statement of responsibility, etc. Douglas R. Hartree
260 ## - PUBLICATION, DISTRIBUTION, ETC. (IMPRINT)
Place of publication, distribution, etc. New York :
Name of publisher, distributor, etc. J. Wiley,
Date of publication, distribution, etc. 1957.
300 ## - PHYSICAL DESCRIPTION
Pagination xiii, 181 p. :
Illustrations illus. ;
Size 23 cm.
504 ## - BIBLIOGRAPHY, ETC. NOTE
Bibliography, etc Include index.
650 #0 - SUBJECT ADDED ENTRY--TOPICAL TERM
Topical term or geographic name as entry element Atomic structure.
9 (RLIN) 27696
Topical term or geographic name as entry element Numerical analysis.
9 (RLIN) 28520
942 ## - ADDED ENTRY ELEMENTS (KOHA)
Source of classification or shelving scheme Dewey Decimal Classification
Koha item type Books
Holdings
Lost status Source of classification or shelving scheme Damaged status Not for loan Collection code Permanent Location Current Location Shelving location Date acquired Source of acquisition Cost, normal purchase price Total Checkouts Full call number Date last seen Copy number Koha item type
  Dewey Decimal Classification     Non-fiction Central Library, University of Rajshahi Central Library, University of Rajshahi   27/06/2063 Zeitlinger 38.00   530.1 HAC 1957 20/01/2014 C-2 Books